• 首页
  • 本馆介绍
  • 公告通知
  • 最新文献
  • 馆藏检索
  • 电子资源
  • 读者导购
  • 参考咨询
  • 我的图书馆
  • 登录
  • 详细信息显示
  • 放入我的书架
  • 预约/预借图书
  • 作者相关作品
  • 分类相关作品
  • 丛书相关作品
  • 出版社相关作品

书目信息

  • 表格格式
  • 工作单格式
  • 卡片格式
题名:
古代中日關係之回溯
    
 
作者: 李毓田 , 黎正甫 著
分册:  
出版信息: 北京   文物出版社  2022.07
页数: 200页
开本: 24cm
丛书名: 海上絲綢之路基本文獻叢書
单 册:
中图分类: D829. 313 , D829. 336
科图分类:
主题词: 中日关系--zhong ri guan xi--国际关系史--古代 , 国际关系史--guo ji guan xi shi--中国--泰国
电子资源:
ISBN: 978-7-5010-7647-5
000 01391nam 2200337 450
001 CAL 012022018601
005 20230217093113.0
010    @a978-7-5010-7647-5@b精装@dCNY94.00
100    @a20220920e2022 em y0chiy0120 ea
101 0  @achi
102    @aCN@b110000
105    @ay z 000yy
106    @ar
200 1  @a古代中日關係之回溯@Agu dai zhong ri guan xi zhi hui su@f李毓田著@c中暹關係史@Czhong xian guan xi shi@f黎正甫著
205    @a影印本
210    @a北京@c文物出版社@d2022.07
215    @a200页@d24cm
225 2  @a海上絲綢之路基本文獻叢書@Ahai shang si chou zhi lu ji ben wen xian cong shu
330    @a本编注重史料的珍稀性, 从《海上丝绸之路历史文化丛书》中遴选出菁华, 拟出版百册单行本。本编所选之文献, 其编纂的年代下限至一九四九年。本编排序无严格定式, 所选之文献篇幅以二百余页为宜, 以便读者阅读使用。本编所选文献, 每种前皆注明版本、著者。本册内容包括: 古代中日关系之回溯、中暹关系史。
410  0 @12001 @a海上絲綢之路基本文獻叢書
423  0 @12001 @a中暹關係史@1701 0@a黎正甫
518 1  @a古代中日关系之回溯
518 1  @a中暹关系史
606 0  @a中日关系@Azhong ri guan xi@x国际关系史@z古代
606 0  @a国际关系史@Aguo ji guan xi shi@y中国@y泰国
690    @aD829. 313@v5
690    @aD829. 336@v5
701  0 @a李毓田@Ali yu tian@4著
701  0 @a黎正甫@Ali zheng fu@4著
801  0 @aCN@bBJXHZP@c20230228
905    @b1397475-8@dD829. 313@e217@f4
    
    古代中日關係之回溯/李毓田著.中暹關係史/黎正甫著.-影印本.-北京:文物出版社,2022.07
    200页;24cm.-(海上絲綢之路基本文獻叢書)
    
    
    ISBN 978-7-5010-7647-5(精装):CNY94.00
    本编注重史料的珍稀性, 从《海上丝绸之路历史文化丛书》中遴选出菁华, 拟出版百册单行本。本编所选之文献, 其编纂的年代下限至一九四九年。本编排序无严格定式, 所选之文献篇幅以二百余页为宜, 以便读者阅读使用。本编所选文献, 每种前皆注明版本、著者。本册内容包括: 古代中日关系之回溯、中暹关系史。
●
相关链接 在E读中查询图书 在五车中查询图书 在当当中查询图书 在豆瓣中查询图书


正题名:古代中日關係之回溯     索取号:D829. 313/217         预约/预借

序号 登录号 条形码 馆藏地/架位号 状态 备注
1 1397475   213974751   第一样本阅览室/ [索取号:D829. 313/217] 在馆    
2 1397476   213974760   第一借阅区/ [索取号:D829. 313/217] 在馆    
3 1397477   213974779   第一借阅区/ [索取号:D829. 313/217] 在馆    
4 1397478   213974788   第一借阅区/ [索取号:D829. 313/217] 在馆    
唐山师范学院图书馆 欢迎您!
大连网信软件有限公司© 版权所有